| 000 | 00562nam a22002051a 4500 | ||
|---|---|---|---|
| 001 | 2202 | ||
| 003 | OSt | ||
| 005 | 20260204211804.0 | ||
| 008 | 040204s1972||||sp ||||||b||||||||||spa|| | ||
| 050 | _a370 J187l | ||
| 082 | _a370 J187l | ||
| 100 | _aJagot, Paul C. | ||
| 245 | _aLa educación del estilo: método práctico para adquirir facilidad de redacción y de estilo / Paul C. Jagot | ||
| 250 | _a8 | ||
| 264 | _aEspaña : IBERIA; S.A | ||
| 300 | _a226 p. | ||
| 500 | _aIncluye indice | ||
| 650 | _a1.Educación - Método PrácticoÌ | ||
| 942 |
_2ddc _cBK |
||
| 999 |
_c2202 _d2202 |
||